| 000 | 01333namaa2200325 i 4500 | ||
|---|---|---|---|
| 003 | EG-GICUC | ||
| 005 | 20251130120615.0 | ||
| 008 | 251130s2001 ua ad||jr|||| 000 0 ara d | ||
| 017 |
_a2000 / 10367 _bدار الكتب والوثائق القومية (مصر) |
||
| 020 | _a9773032787 | ||
| 040 |
_aEG-GiCUC _bara _cEG-GiCUC _dEG-GiCUC _erda |
||
| 082 | 0 | 4 |
_221 _a378.62 _bB138ta |
| 092 | 0 | 4 |
_221 _a378.62 _bB138ta |
| 099 | _a378.62 B138ta | ||
| 100 | 1 |
_aبدران، شبل _eمؤلف. |
|
| 245 | 1 | 2 |
_aالتجديد فى التعليم الجامعى / _cتأليف شبل بدران، جمال الدهشان. |
| 264 |
_aالقاهرة(مصر) : _bدار قباء للطباعة والنشر والتوزيع، _c2001. |
||
| 300 |
_a220 صفحة : _bإيضاحيات، رسوم بيانية، جداول ؛ _c24 سم |
||
| 336 |
_2rdacontent _atext |
||
| 337 |
_2rdamedia _aUnmediated |
||
| 338 |
_2rdacarrier _avolume |
||
| 504 | _aيشتمل على ارجاعات ببليوجرافية. | ||
| 541 |
_aد. جابر عصفور ؛ _bالقاهرة ؛ _cإهداء ؛ _d2024. |
||
| 650 | 1 | 7 |
_aالتعليم الجامعى _zمصر _2qrmak |
| 650 | 1 | 7 |
_aالتعليم العالى _zمصر _2qrmak |
| 651 | 1 | _2qrmak | |
| 700 | 1 |
_aالدهشان، جمال _eمؤلف مشارك. |
|
| 905 | _aAya | ||
| 942 |
_2ddc _cBK _e21 _n0 |
||
| 999 |
_c176359 _d176359 |
||